[Event "DEN-ch Seniors 65"]
[Site "Logumkloster"]
[Date "2020.02.11"]
[Round "3"]
[White "Kallenbach, Uffe"]
[Black "Larsen, Arne Walther"]
[Result "0-1"]
[WhiteElo "1615"]
[BlackElo "1712"]
[PlyCount "66"]
[EventDate "2020.02.09"]
[EventType "swiss"]
[EventRounds "7"]
[EventCountry "DEN"]
[SourceTitle "EXT 2021"]
[Source "ChessBase"]
[SourceDate "2020.10.23"]
[SourceVersion "1"]
[SourceVersionDate "2020.10.23"]
[SourceQuality "1"]

1. e4 d6 2. d4 Nf6 3. Bd3 g6 4. f4 Bg7 5. Nf3 0-0 6. 0-0 Bg4 7. Nbd2 c6 8. h3 Bxf3 9. Nxf3 Nbd7 10. c3 Qc7 11. Be3 b5 12. a3 a5 13. Rc1 Nb6 14. Qe1 Nc4 15. Bxc4 bxc4 16. Nd2 Rab8 17. e5 Nd5 18. Nxc4 Nxe3 19. Qxe3 d5 20. Nd2 Rxb2 21. f5 Qd8 22. Qg5 f6 23. Qe3 fxe5 24. fxg6 exd4 25. gxh7+ Kh8 26. cxd4 e5 27. Nf3 exd4 28. Nxd4 Re8 29. Qd3 Qg5 30. Rc2 Rxc2 31. Nxc2 c5 32. Qb5 Qd8 33. Qxc5 d4 0-1

[Event "DEN-ch Seniors 65+"]
[Site "Odder"]
[Date "2019.02.14"]
[Round "4"]
[White "Rendlev, Niels Moller"]
[Black "Larsen, Arne Walther"]
[Result "0-1"]
[WhiteElo "1677"]
[BlackElo "1752"]
[PlyCount "57"]
[EventDate "2019.02.11"]
[EventType "swiss"]
[EventRounds "7"]
[EventCountry "DEN"]
[SourceTitle "CBM 189 Extra"]
[Source "ChessBase"]
[SourceDate "2019.06.03"]
[SourceVersion "1"]
[SourceVersionDate "2019.06.03"]
[SourceQuality "1"]

1. e4 c5 2. d4 cxd4 3. c3 g6 4. cxd4 Bg7 5. Nf3 Nc6 6. Be3 d6 7. Bc4 Nf6 8. Nc3 0-0 9. h3 Nxe4 10. Bxf7+ Rxf7 11. Nxe4 d5 12. Nc3 Bf5 13. 0-0 Qd7 14. Ng5 Rff8 15. g4 h6 16. gxf5 hxg5 17. Qg4 Qxf5 18. Qxg5 Qxg5+ 19. Bxg5 Rf5 20. h4 Nxd4 21. Bxe7 Re8 22. Bc5 Nf3+ 23. Kh1 Kf7 24. Bxa7 Rh8 25. Kg2 Nxh4+ 26. Kh3 Nf3+ 27. Kg4 Rh4+ 28. Kg3 Be5+ 29. Kg2 0-1